Management and leadership of teams and working groups in Slovak post bakalárska práca
Na minha lista:
| Autor principal: | |
|---|---|
| Autor Corporativo: | |
| Outros Autores: | |
| Formato: | Livro |
| Idioma: | inglês |
| Publicado em: |
Košice
2009
|
| Tags: |
Sem tags, seja o primeiro a adicionar uma tag!
|
MARC
| LEADER | 00000nam$a2200000$$$4500 | ||
|---|---|---|---|
| 001 | 0106849 | ||
| 005 | 20240318114519.7 | ||
| 041 | 0 | |a eng | |
| 044 | |a SK | ||
| 245 | 1 | 0 | |a Management and leadership of teams and working groups in Slovak post |b bakalárska práca |c Martina Vrábľová ; škol. Lenka Dubovická |
| 264 | 1 | |a Košice |c 2009 | |
| 300 | |a 54 s. | ||
| 100 | 1 | |a Vrábľová, Martina | |
| 700 | 1 | |a Dubovická, Lenka | |
| 710 | 2 | |a Podnikovohospodárska fakulta EU so sídlom v Košiciach. Katedra manažmentu | |